The Warehouse Receipts Ats, 2005 Act no. 10 of 2005 and Warehouse Regulations 2006. (Record no. 3537)

MARC details
005 - DATE AND TIME OF LATEST TRANSACTION
control field 20250609141839.0
082 ## - DEWEY DECIMAL CLASSIFICATION NUMBER
Classification number 343 GOV
100 ## - MAIN ENTRY--PERSONAL NAME
Author name GOVERNIMENT.
245 ## - TITLE STATEMENT
Title The Warehouse Receipts Ats, 2005 Act no. 10 of 2005 and Warehouse Regulations 2006.
260 ## - PUBLICATION, DISTRIBUTION, ETC.
Place of publication, distribution, etc. Dar Es Salaam,
Name of publisher, distributor, etc. Government Printer,
Date of publication, distribution, etc. 2005.
300 ## - PHYSICAL DESCRIPTION
Extent 85p.: ill.;
Dimensions 23cm.
942 ## - ADDED ENTRY ELEMENTS (KOHA)
Source of classification or shelving scheme Dewey Decimal Classification
Koha item type Books
Holdings
Date last seen Total checkouts Full call number Barcode Cost, replacement price Price effective from Koha item type Lost status Source of classification or shelving scheme Damaged status Not for loan Withdrawn status Home library Current library Shelving location Date acquired Cost, normal purchase price
06/09/2025   343 GOV 00000011755 30000.00 06/09/2025 Books   Dewey Decimal Classification       College of Business Education Main Library College of Business Education Main Library General Collection 06/09/2005 10000.00